Od veřejného prostoru k nákupním centrům: svět cizinců a jeho regulace /

Salvato in:
Dettagli Bibliografici
Autore principale: Pospěch, Pavel (Autore)
Natura: Libro
Lingua:ceco
Pubblicazione: Praha Sociologické nakladatelství (SLON) 2015
Edizione:1. vydanie
Soggetti:
Tags: Aggiungi Tag
Nessun Tag, puoi essere il primo ad aggiungerne!!

MARC

LEADER 00000nam a22000003a 4500
001 0010787
003 SK-STU
005 20160104121825.9
007 ta
008 160104s ----xo-----e------000-0-----d
020 |a 978-80-7419-186-2 
040 |a STU  |b slo 
041 0 |a cze  |h cze 
044 |a xr 
100 1 |a Pospěch, Pavel  |r Z6  |4 aut 
245 1 0 |a Od veřejného prostoru k nákupním centrům: svět cizinců a jeho regulace /  |c aut. Pavel Pospěch 
250 |a 1. vydanie 
260 |a Praha  |b Sociologické nakladatelství (SLON)  |c 2015 
300 |a 194 s. 
650 0 7 |a sociológia 
996 |b 284AU06576  |c A* 9605/U  |l AAKNST  |s P  |a 0  |w 0010787_0001